000 00282nam a22001217a 4500
008 170525b xxu||||| |||| 00| 0 eng d
041 _ager
080 _a621.3
100 _a26
101 _aIM
245 _aANALYSE UND SYNTHESE VON SCHALTSYSTEMEN
_cPOSPELOV,D.A
942 _2udc
_cBK
999 _c14257
_d14257